| 000 | 00921nam a2200301Ia 4500 | ||
|---|---|---|---|
| 003 | OSt | ||
| 005 | 20221007123156.0 | ||
| 006 | a|||||r|||| 00| 0 | ||
| 007 | ta | ||
| 008 | 221006b |||||||| |||| 00| 0 eng d | ||
| 020 | _a9788126546725 (pbk) | ||
| 024 | _a200914 | ||
| 037 |
_b9588, 17/02/2020, Puja Books _cTextual |
||
| 040 |
_aPAPL _cPAPL _beng |
||
| 041 |
_2eng _aeng |
||
| 082 | _aCN2, M8;2-;11 Carpa | ||
| 100 |
_aMandl F. _9631603 |
||
| 245 | 0 | _aStatistical physics | |
| 250 | _a2nd ed. | ||
| 260 |
_aNew _bDelhi John Wiley india _c1988 |
||
| 300 |
_axv, 385p. ill. _ccm. |
||
| 500 | _aBibliography 3474-377p.; Index 379-385p.; Reprint 2018 | ||
| 650 |
_a Paramagnetism _9716731 |
||
| 650 |
_a Simple thermodynamic systems _9716732 |
||
| 650 | _aPhysics | ||
| 942 |
_hCN2, M8;2-;11 Carpa _cTEXL _2CC |
||
| 999 |
_c1211478 _d1211478 |
||